000 00309nam a2200109 4500
999 _c13592
_d13592
008 190328b ||||| |||| 00| 0 eng d
245 _aDOLE still checking Chinese workers in Phl.
260 _aPhilippines
_bThe Philippine Star
_cc2018
300 _apage 14.
650 0 _937903
_aEmployment.
942 _2ddc
_cPER